| 000 | 00471nam a2200181Ia 4500 | ||
|---|---|---|---|
| 005 | 20240823010541.0 | ||
| 008 | 240823s9999||||xx |||||||||||||| ||und|| | ||
| 041 | _aENGLISH | ||
| 082 | _A621.2 M2 | ||
| 100 | _a"Stewart,Harry L" | ||
| 245 | 0 | _aHydraulic and Pneumatic Power For Production | |
| 250 | _a1st | ||
| 260 |
_c1982 _b"Industrial Press,New York" |
||
| 500 | _aTRANSFERED | ||
| 650 |
_aHydraulic _bAeronautical Engineering |
||
| 942 | _cBK | ||
| 999 |
_c158956 _d158956 |
||